Deducción de gastos incurridos en el exterior por ejecutivos de empresas locales (Registro nro. 19617)
[ vista simple ]
| 000 -LEADER | |
|---|---|
| fixed length control field | 00394 a2200121 4500 |
| 001 - CONTROL NUMBER | |
| control field | ART_37888 |
| 005 - DATE AND TIME OF LATEST TRANSACTION | |
| control field | 20260410161750.0 |
| 008 - FIXED-LENGTH DATA ELEMENTS--GENERAL INFORMATION | |
| fixed length control field | 260409a |
| 100 1# - MAIN ENTRY--PERSONAL NAME | |
| Personal name | Gebhardt, Jorge |
| 245 10 - TITLE STATEMENT | |
| Title | Deducción de gastos incurridos en el exterior por ejecutivos de empresas locales |
| 700 1# - ADDED ENTRY--PERSONAL NAME | |
| Personal name | Malvitano, Rubén H. |
| 773 0# - HOST ITEM ENTRY | |
| Title | Doctrina tributaria |
| Related parts | - Nº 433 (abr. 2016) |
| Record control number | REV4296 |
No hay ítems disponibles.